1870-1871 (Record no. 162577)

MARC details
000 -LEADER
campo de control de longitud fija 00727nam a22002055i 4500
001 - NÚMERO DE CONTROL
campo de control 162577
003 - IDENTIFICADOR DE NÚMERO DE CONTROL
campo de control ES-MaACL
005 - FECHA Y HORA DE LA ÚLTIMA TRANSACCIÓN
campo de control 20230906212546.0
008 - DATOS DE LONGITUD FIJA--INFORMACIÓN GENERAL
campo de control de longitud fija 990728s1872 sp |||| | spa d
040 ## - FUENTE DE CATALOGACIÓN
Centro catalogador/agencia de origen CCPB | B
Lengua de catalogación spa
Centro/agencia transcriptor CCPB | B
100 1# - ENTRADA PRINCIPAL--NOMBRE DE PERSONA
Nombre de persona Prieto y Villarreal, Emilio.
9 (RLIN) 93952
245 10 - MENCIÓN DEL TÍTULO
Título 1870-1871
Resto del título : cartas escritas con motivo de la guerra franco-alemana /
Mención de responsabilidad, etc. por Emilio Prieto y Villareal.
260 ## - PUBLICACIÓN, DISTRIBUCIÓN, ETC.
Lugar de publicación, distribución, etc. Madrid :
Nombre del editor, distribuidor, etc. [s.n.],
Fecha de publicación, distribución, etc. 1872 (
Fabricante Est. Tip. de P. Abienzo)
300 ## - DESCRIPCIÓN FÍSICA
Extensión [2], 506 p. ;
Dimensiones 21 cm.
510 4# - NOTA DE CITAS O REFERENCIAS BIBLIOGRÁFICAS
Nombre de la fuente Palau,
Localización dentro de la fuente t. XIII, 237138
597 #1 - NOTA DE DESCRIPCIÓN FÍSICA
NOTA DE DESCRIPCIÓN FÍSICA Antep.
650 #4 - PUNTO DE ACCESO ADICIONAL DE MATERIA--TÉRMINO DE MATERIA
Término de materia o nombre geográfico como elemento de entrada Guerra franco-prusiana, 1870-1871.
9 (RLIN) 136210
852 ## - LOCALIZACIÓN
Ubicación ES-MaACL
Número de control de estantería G-8745
Nota libre -- Enc. pasta española
852 ## - LOCALIZACIÓN
Ubicación ES-MaACL
Número de control de estantería D-608
Nota libre -- Rust.
Holdings
Estatus retirado Estado de pérdida Estado de daño No para préstamo Colección Biblioteca de origen Biblioteca actual Ubicación en estantería Fecha de adquisición Fuente de adquisición Total de préstamos Signatura topográfica completa Código de barras Visto por última vez Precio de reemplazo Tipo de ítem Koha
        Libros del s. XIX Biblioteca del Ateneo de Madrid Biblioteca del Ateneo de Madrid Sala Valle Inclán 17/01/2008     D-608 901170321 23/02/2023 23/02/2023 Libro impreso antiguo
        Libros del s. XIX Biblioteca del Ateneo de Madrid Biblioteca del Ateneo de Madrid Sala Pecera Planta 3 17/01/2008     G-8745 1170320 23/02/2023 23/02/2023 Libro impreso antiguo